Pittsburgh Penguins NHL roster 15 Nov 2024 - Statistics

General Stats
  • This quiz has been taken 28 times
  • The average score is 11 of 25
Answer Stats
Position Answer % Correct
C Evgeni Malkin
100%
C Sidney Crosby
100%
D Kris Letang
90%
RW Bryan Rust
75%
D Erik Karlsson
70%
G Tristan Jarry
70%
RW Rickard Rakell
60%
D Marcus Pettersson
55%
D Ryan Shea
50%
G Alex Nedeljkovic
45%
LW Anthony Beauvillier
45%
D Ryan Graves
40%
LW Micheal Bunting
35%
RW Jesse Puljujarvi
30%
RW Kevin Hayes
30%
LW Matt Nieto
30%
RW Valtteri Puustinen
30%
C Cody Glass
25%
D Jack St Ivany
25%
C Blake Lizotte
20%
C Noel Accari
10%
RW Sam Poulin
10%
LW Drew O'Conner
5%
C Vasily Ponomarev
5%
D Matt Grzelyck
0%
No matching quizzes found
Score Distribution
Percent of People with Each Score
Percentile by Number Answered
Your Score History
You have not taken this quiz